ARRUPE JESUIT UNIVERSITY

CORONAVIRUS -STOP THE SPREAD - CLEAN,DISINFECT,COVER

Virgil and Spenser, (Record no. 128074)

MARC details
000 -LEADER
fixed length control field 00928cam a2200265 4500
001 - CONTROL NUMBER
control field 781451
003 - CONTROL NUMBER IDENTIFIER
control field ARRUPE
005 - DATE AND TIME OF LATEST TRANSACTION
control field 20180903105822.0
008 - FIXED-LENGTH DATA ELEMENTS--GENERAL INFORMATION
fixed length control field 691105r19691929nyu b 001 0 eng
010 ## - LIBRARY OF CONGRESS CONTROL NUMBER
LC control number 73091045
020 ## - INTERNATIONAL STANDARD BOOK NUMBER
International Standard Book Number 0804606552
040 ## - CATALOGING SOURCE
Original cataloging agency DLC
Transcribing agency DLC
Modifying agency DLC
050 00 - LIBRARY OF CONGRESS CALL NUMBER
Classification number PR2366
Item number .H8 1969
082 00 - DEWEY DECIMAL CLASSIFICATION NUMBER
Classification number 821/.3
300 ## - PHYSICAL DESCRIPTION
Dimensions 23 cm.
100 1# - MAIN ENTRY--PERSONAL NAME
Personal name Hughes, Merritt Yerkes,
Dates associated with a name 1893-
9 (RLIN) 41903
245 10 - TITLE STATEMENT
Title Virgil and Spenser,
Statement of responsibility, etc by Merritt Y. Hughes.
260 ## - PUBLICATION, DISTRIBUTION, ETC. (IMPRINT)
Place of publication, distribution, etc Port Washington, N.Y.,
Name of publisher, distributor, etc Kennikat Press
Date of publication, distribution, etc [1969]
300 ## - PHYSICAL DESCRIPTION
Extent 266-418 p.
500 ## - GENERAL NOTE
General note First published in 1929 as v. 2, no. 3 of the University of California publications in English.
504 ## - BIBLIOGRAPHY, ETC. NOTE
Bibliography, etc Bibliography: p. 407-413.
600 10 - SUBJECT ADDED ENTRY--PERSONAL NAME
Personal name Spenser, Edmund,
Dates associated with a name 1552?-1599
General subdivision Knowledge
-- Literature.
9 (RLIN) 41904
600 00 - SUBJECT ADDED ENTRY--PERSONAL NAME
Personal name Virgil
General subdivision Influence.
9 (RLIN) 41905
650 #0 - SUBJECT ADDED ENTRY--TOPICAL TERM
Topical term or geographic name as entry element English poetry
General subdivision Roman influences.
9 (RLIN) 41906
906 ## - LOCAL DATA ELEMENT F, LDF (RLIN)
a 7
b cbc
c orignew
d u
e ncip
f 19
g y-gencatlg
942 ## - ADDED ENTRY ELEMENTS (KOHA)
Source of classification or shelving scheme Library of Congress Classification
Koha item type Monograph ( Printed materials)
Holdings
Withdrawn status Lost status Source of classification or shelving scheme Damaged status Not for loan Collection code Home library Current library Shelving location Date acquired Total Checkouts Full call number Barcode Date last seen Price effective from Koha item type
    Library of Congress Classification     Main Collection ARRUPE LIBRARY ARRUPE LIBRARY Main Collection 03/09/2018   PR2366 .H8 1969 46600002176 03/09/2018 03/09/2018 Monograph ( Printed materials)

 

Arrupe Library. PO Box MP320 Mt Pleasant, Harare, Zimbabwe
263 242 745411|librarian@aju.ac.zw